Quy mô cơ cấu tổ chức /

Zapisane w:
Opis bibliograficzny
1. autor: Phạm Hải Long
Format: Artykuł
Język:Vietnamese
Hasła przedmiotowe:
Etykiety: Dodaj etykietę
Nie ma etykietki, Dołącz pierwszą etykiete!
Thư viện lưu trữ: Thư viện Trường Đại học Đà Lạt
LEADER 00696nam a2200265 4500
001 DLU060054035
040 # # |a DLU  |b vie 
041 # # |a vie 
044 # # |a vn 
100 # # |a Phạm Hải Long 
245 # # |a Quy mô cơ cấu tổ chức /  |c Phạm Hải Long 
653 # # |a Cơ cấu tổ chức 
653 # # |a Quy mô 
773 # # |t Nghiên cứu kinh tế  |g Số 318, 2004, tr.43 - 47 
920 # # |a Phòng Tạp chí -- Trung tâm Thông tin - Thư viện Trường Đại học Đà Lạt 
933 # # |a QT 
994 # # |a DLU 
900 # # |a True 
911 # # |a Nguyễn Thị Yên 
925 # # |a G 
926 # # |a A 
927 # # |a BB 
980 # # |a Thư viện Trường Đại học Đà Lạt